[Event "25. Open Internacional de Parla 2010"]
[Site "Parla ESP"]
[Date "2010.09.12"]
[Round "9.18"]
[White "Tipter, Napoleon"]
[Black "Rodrigo Yanguas, Maria"]
[Result "1-0"]
[WhiteElo "2027"]
[BlackElo "2095"]
[PlyCount "115"]
[EventDate "2010.09.04"]
[EventType "swiss"]
[EventRounds "9"]
[EventCountry "ESP"]
[Source "lmi"]
[SourceDate "2010.09.04"]

1. e4 e6 2. d4 d5 3. Nc3 Nf6 4. Bg5 Bb4 5. e5 h6 6. Bd2 Bxc3 7. bxc3 Ne4 8. Bd3
Nxd2 9. Qxd2 c5 10. Nf3 Nc6 11. O-O Qa5 12. Rfd1 Bd7 13. Rab1 c4 14. Be2 b5 15.
Ne1 Ke7 16. f4 Rhb8 17. a3 Qc7 18. Bf3 Kd8 19. f5 Ne7 20. f6 gxf6 21. exf6 Ng8
22. Bh5 Nxf6 23. Bxf7 Bc8 24. Bh5 Nxh5 25. Qxh6 Nf4 26. Qf8+ Kd7 27. Nf3 Ng6
28. Qg7+ Ne7 29. Ne5+ Kd6 30. g4 Ba6 31. Rf1 Rg8 32. Qh7 Nf5 33. Qh5 Qg7 34.
Rbe1 Raf8 35. Qh3 Kc7 36. Kh1 Nd6 37. Qe3 Ne4 38. Kg2 Bc8 39. Qc1 Rxf1 40. Rxf1
Rf8 41. Rf3 Rxf3 42. Kxf3 Qf6+ 43. Qf4 Qxf4+ 44. Kxf4 Kd6 45. g5 Ke7 46. h4 Bd7
47. h5 Be8 48. h6 Kf8 49. g6 Nd6 50. Kg5 Ne4+ 51. Kf4 Nd6 52. Kg4 Kg8 53. Kg5
Ne4+ 54. Kf4 Nd6 55. Kg4 Kf8 56. Kf4 Kg8 57. g7 Bf7 58. Nd7 1-0

[Event "25. Open Internacional de Parla 2010"]
[Site "Parla ESP"]
[Date "2010.09.12"]
[Round "9.19"]
[White "Bote Alvarez-Carrasco, Valentin"]
[Black "Piña Sierra, Jesus"]
[Result "1-0"]
[WhiteElo "2190"]
[BlackElo "2013"]
[PlyCount "59"]
[EventDate "2010.09.04"]
[EventType "swiss"]
[EventRounds "9"]
[EventCountry "ESP"]
[Source "lmi"]
[SourceDate "2010.09.04"]

1. Nf3 Nf6 2. c4 g6 3. Nc3 d5 4. Qa4+ Bd7 5. Qb3 dxc4 6. Qxc4 Bg7 7. e4 Nc6 8.
d4 Bg4 9. Be3 Bxf3 10. gxf3 O-O 11. Be2 Nd7 12. d5 Na5 13. Qa4 c6 14. Rd1 b5
15. Qa3 cxd5 16. Nxd5 Nc4 17. Qxe7 Nxe3 18. fxe3 Ne5 19. Qxd8 Raxd8 20. b3 b4
21. f4 Nd7 22. e5 a5 23. Ne7+ Kh8 24. Nc6 Rc8 25. Nxa5 Nc5 26. Bf3 f6 27. exf6
Bxf6 28. O-O Rfe8 29. Nc4 Ne4 30. Bxe4 1-0

[Event "25. Open Internacional de Parla 2010"]
[Site "Parla ESP"]
[Date "2010.09.12"]
[Round "9.20"]
[White "Garcia Salamero, Gabriel"]
[Black "Quintero Torres, Pedro"]
[Result "1-0"]
[WhiteElo "2180"]
[BlackElo "2006"]
[PlyCount "164"]
[EventDate "2010.09.04"]
[EventType "swiss"]
[EventRounds "9"]
[EventCountry "ESP"]
[Source "lmi"]
[SourceDate "2010.09.04"]

1. e4 c5 2. Nf3 e6 3. d4 cxd4 4. Nxd4 Nf6 5. Nc3 Nc6 6. Ndb5 Bb4 7. a3 Bxc3+ 8.
Nxc3 d5 9. exd5 exd5 10. Bg5 O-O 11. Be2 h6 12. Bxf6 Qxf6 13. Nxd5 Qxb2 14. O-O
Be6 15. c4 Rfd8 16. Rb1 Qxa3 17. Rxb7 Rab8 18. Rc7 Rdc8 19. Rxc8+ Rxc8 20. Qd2
Qc5 21. Rd1 a5 22. Qf4 Ne7 23. Nxe7+ Qxe7 24. g3 Qc5 25. Bd3 a4 26. Qe4 g6 27.
Qe2 Bf5 28. Bxf5 Qxf5 29. Ra1 Ra8 30. Rxa4 Rxa4 31. Qe8+ Kh7 32. Qxa4 Qb1+ 33.
Kg2 Qe4+ 34. Kf1 Qd3+ 35. Kg1 Qb1+ 36. Kg2 Qe4+ 37. Kf1 Qb1+ 38. Ke2 Qe4+ 39.
Kd2 Qd4+ 40. Kc1 Qxf2 41. Qc2 Qg1+ 42. Kb2 Qb6+ 43. Ka2 Qa7+ 44. Kb3 Qb6+ 45.
Kc3 Qf6+ 46. Kb3 Qb6+ 47. Ka2 Qa7+ 48. Kb2 Qb6+ 49. Qb3 Qf2+ 50. Ka3 Qa7+ 51.
Qa4 Qc5+ 52. Qb4 Qa7+ 53. Kb3 Qe3+ 54. Ka4 Qa7+ 55. Qa5 Qd7+ 56. Qb5 Qd1+ 57.
Ka5 Qd2+ 58. Ka6 Qd6+ 59. Qb6 Qa3+ 60. Kb7 Qe7+ 61. Kc6 Qe8+ 62. Kb7 Qe7+ 63.
Qc7 Qe4+ 64. Ka7 Qe3+ 65. c5 Qa3+ 66. Kb8 Qb4+ 67. Qb6 Qd4 68. Qc7 Qb4+ 69. Kc8
Qg4+ 70. Kd8 Qd4+ 71. Ke8 Qh8+ 72. Ke7 Qd4 73. c6 Kg7 74. Qd6 Qe4+ 75. Kd8 Qa4
76. Qe5+ Kg8 77. Qe8+ Kg7 78. Qe5+ Kg8 79. c7 Qd1+ 80. Ke7 Qc2 81. Qd6 Qe4+ 82.
Kd8 Kg7 1-0

[Event "25. Open Internacional de Parla 2010"]
[Site "Parla ESP"]
[Date "2010.09.12"]
[Round "9.23"]
[White "Cortes Jurado, Rafael"]
[Black "Camarero Izquierdo, Juan Carlos"]
[Result "1-0"]
[WhiteElo "2083"]
[BlackElo "1941"]
[PlyCount "97"]
[EventDate "2010.09.04"]
[EventType "swiss"]
[EventRounds "9"]
[EventCountry "ESP"]
[Source "lmi"]
[SourceDate "2010.09.04"]

1. d4 e6 2. e4 d5 3. Nd2 Nf6 4. e5 Nfd7 5. Bd3 c5 6. c3 Nc6 7. Ne2 Qb6 8. Nf3
f6 9. exf6 Nxf6 10. O-O Bd6 11. dxc5 Bxc5 12. b4 Bd6 13. Bg5 O-O 14. Bc2 Qc7
15. Ng3 Ne7 16. Qd3 e5 17. Bxf6 e4 18. Nxe4 dxe4 19. Qxe4 Bf5 20. Bb3+ Kh8 21.
Bxg7+ Kxg7 22. Qd4+ Rf6 23. Rad1 Nc6 24. Qh4 Ne7 25. Nd4 Ng6 26. Qh5 Bd7 27.
Nf3 Nf4 28. Qh4 Rg6 29. Ng5 h6 30. Nf7 Bc6 31. f3 Be7 32. Qe1 Rxg2+ 33. Kh1
Rxh2+ 34. Kxh2 Nd3+ 35. Qg3+ Qxg3+ 36. Kxg3 Nb2 37. Rd2 Na4 38. Ne5 Be8 39. Rc1
Nb6 40. Nc4 Nc8 41. Re1 Bg6 42. Rd7 Kf8 43. Ne5 Be8 44. Rxb7 Nd6 45. Nd7+ Bxd7
46. Rxd7 Re8 47. Kg2 a5 48. Rexe7 Rxe7 49. Rxd6 1-0

[Event "25. Open Internacional de Parla 2010"]
[Site "Parla ESP"]
[Date "2010.09.12"]
[Round "9.24"]
[White "Castejon Caballero, Andres"]
[Black "Gutierrez Gonzalez, Francisco Javier"]
[Result "1-0"]
[WhiteElo "2077"]
[BlackElo "1918"]
[PlyCount "85"]
[EventDate "2010.09.04"]
[EventType "swiss"]
[EventRounds "9"]
[EventCountry "ESP"]
[Source "lmi"]
[SourceDate "2010.09.04"]

1. e4 e6 2. d3 d5 3. Nd2 c5 4. Ngf3 Nc6 5. g3 Be7 6. Bg2 f5 7. O-O Nf6 8. exf5
exf5 9. d4 O-O 10. dxc5 Ne4 11. Nb3 Be6 12. Nfd4 Qd7 13. c3 Rad8 14. Re1 Bf7
15. Be3 Qc8 16. Nxc6 bxc6 17. f3 Bh5 18. g4 Nxc3 19. bxc3 fxg4 20. fxg4 Bxg4
21. Qd2 Bh4 22. Rf1 Qe6 23. Nd4 Qg6 24. Bf4 Bh3 25. Kh1 Bxg2+ 26. Qxg2 Qxg2+
27. Kxg2 Rde8 28. Bd6 Rf6 29. Rxf6 Bxf6 30. Rf1 h6 31. Nxc6 Re2+ 32. Rf2 Re6
33. Rxf6 gxf6 34. Ne7+ Kf7 35. Nxd5 Re2+ 36. Kf3 Rxa2 37. c6 Ra6 38. Ne7 Ke6
39. c7 Rxd6 40. c8=Q+ Kxe7 41. Qc5 Ke6 42. Qe3+ Kf5 43. Qe4+ 1-0

[Event "25. Open Internacional de Parla 2010"]
[Site "Parla ESP"]
[Date "2010.09.12"]
[Round "9.25"]
[White "Martin Duque, Jesus"]
[Black "Martin Garcia, Guillermo"]
[Result "1-0"]
[WhiteElo "2073"]
[BlackElo "1863"]
[PlyCount "48"]
[EventDate "2010.09.04"]
[EventType "swiss"]
[EventRounds "9"]
[EventCountry "ESP"]
[Source "lmi"]
[SourceDate "2010.09.04"]

1. e4 e5 2. Nf3 Nc6 3. Bc4 Bc5 4. b4 Bxb4 5. c3 Ba5 6. d4 exd4 7. O-O d6 8.
cxd4 Bg4 9. Bb5 Bxf3 10. Qxf3 a6 11. Bxc6+ bxc6 12. e5 Ne7 13. Na3 d5 14. Nc2
O-O 15. Ba3 Re8 16. Ne3 Ng6 17. Rac1 Qd7 18. Nf5 Rec8 19. h4 f6 20. h5 Nf8 21.
Qg4 fxe5 22. dxe5 Qf7 23. f4 Kh8 24. Rf3 Nd7 1-0

[Event "25. Open Internacional de Parla 2010"]
[Site "Parla ESP"]
[Date "2010.09.12"]
[Round "9.27"]
[White "Montoya Pecurul, Marc"]
[Black "Sanchez-Guijaldo Vela, Demetrio"]
[Result "0-1"]
[WhiteElo "1629"]
[BlackElo "2128"]
[PlyCount "65"]
[EventDate "2010.09.04"]
[EventType "swiss"]
[EventRounds "9"]
[EventCountry "ESP"]
[Source "lmi"]
[SourceDate "2010.09.04"]

1. e4 e6 2. d4 d5 3. exd5 exd5 4. Nf3 Nf6 5. Bd3 Qe7+ 6. Be2 h6 7. O-O Be6 8.
Re1 Nbd7 9. c4 c6 10. Nc3 Nb6 11. c5 Nbd7 12. Bf4 Qd8 13. Bd3 Be7 14. Bc2 O-O
15. Qd3 Re8 16. Ne5 Nf8 17. Re3 Nh5 18. Bg3 Bg5 19. Rf3 Bf6 20. Re1 Nxg3 21.
Rxg3 Bh4 22. Rf3 Bg5 23. Ne2 Qa5 24. Nc3 f6 25. h3 fxe5 26. Rxe5 Bf6 27. Rh5
Qc7 28. Rg3 Bg5 29. Rhxg5 hxg5 30. Ne2 Qe7 31. f4 Bf7 32. Nc3 gxf4 33. Rg4 0-1

[Event "25. Open Internacional de Parla 2010"]
[Site "Parla ESP"]
[Date "2010.09.12"]
[Round "9.28"]
[White "Garcia Lopez, Luis Manuel"]
[Black "Lucas Garcia, Pedro"]
[Result "1-0"]
[WhiteElo "2094"]
[BlackElo "1898"]
[PlyCount "73"]
[EventDate "2010.09.04"]
[EventType "swiss"]
[EventRounds "9"]
[EventCountry "ESP"]
[Source "lmi"]
[SourceDate "2010.09.04"]

1. e4 c5 2. Nf3 e6 3. d4 cxd4 4. Nxd4 Nc6 5. Nc3 a6 6. g3 Nge7 7. Nb3 Ng6 8. h4
b5 9. h5 Nge5 10. f4 Nc4 11. a4 b4 12. Bxc4 bxc3 13. bxc3 Bb7 14. Qe2 Be7 15.
Be3 d6 16. a5 Bf6 17. Bb6 Bxc3+ 18. Kf2 Qf6 19. Rad1 Bb4 20. Kg2 O-O 21. Rhf1
Rfe8 22. g4 h6 23. Rd3 d5 24. e5 Nxe5 25. Bb5 Nxd3 26. Bxd3 Rac8 27. Bd4 Qe7
28. g5 hxg5 29. h6 gxh6 30. Qh5 Qf8 31. fxg5 e5 32. g6 Rc7 33. gxf7+ Rxf7 34.
Bh7+ Kg7 35. Qg6+ Kh8 36. Rxf7 exd4 37. Qf6+ 1-0

[Event "25. Open Internacional de Parla 2010"]
[Site "Parla ESP"]
[Date "2010.09.12"]
[Round "9.29"]
[White "Cavalle Pulla, Daniel"]
[Black "Ruiz Sanchez, Roberto"]
[Result "1-0"]
[WhiteElo "1847"]
[BlackElo "2079"]
[PlyCount "85"]
[EventDate "2010.09.04"]
[EventType "swiss"]
[EventRounds "9"]
[EventCountry "ESP"]
[Source "lmi"]
[SourceDate "2010.09.04"]

1. e4 d6 2. d4 Nf6 3. Nc3 c6 4. Be3 Nbd7 5. Qd2 e5 6. Nf3 Be7 7. Be2 Ng4 8.
dxe5 Nxe3 9. Qxe3 dxe5 10. O-O O-O 11. Rad1 Qc7 12. h3 Nc5 13. a3 a5 14. Ne1 b5
15. Nd3 Ne6 16. Bg4 Re8 17. Ne2 Rb8 18. Bxe6 Bxe6 19. Nc5 Bc4 20. Na6 Qb6 21.
Nxb8 Bc5 22. Nd7 Bxe3 23. Nxb6 Bxb6 24. Rfe1 Kf8 25. Ng3 g6 26. Rd6 Re6 27.
Red1 Bc5 28. Rd8+ Re8 29. R8d7 Re7 30. Nf1 Be6 31. R7d2 Rb7 32. Ne3 h5 33. c3
Ke7 34. b4 Bb6 35. Rd6 Rc7 36. Kf1 Bb3 37. R1d2 Be6 38. Ke2 Rc8 39. f3 Rc7 40.
g4 hxg4 41. hxg4 Bb3 42. Rd8 Rd7 43. R8xd7+ 1-0

[Event "25. Open Internacional de Parla 2010"]
[Site "Parla ESP"]
[Date "2010.09.12"]
[Round "9.30"]
[White "Ruiz Escobar, Israel"]
[Black "Cabañas Bravo, Juan Andres"]
[Result "0-1"]
[WhiteElo "1815"]
[BlackElo "2049"]
[PlyCount "95"]
[EventDate "2010.09.04"]
[EventType "swiss"]
[EventRounds "9"]
[EventCountry "ESP"]
[Source "lmi"]
[SourceDate "2010.09.04"]

1. d4 Nf6 2. Bf4 g6 3. Nf3 Bg7 4. e3 O-O 5. h3 d5 6. Be2 Nbd7 7. O-O c5 8. c3
Qb6 9. Qb3 c4 10. Qxb6 Nxb6 11. b3 Bf5 12. bxc4 dxc4 13. Nfd2 Rac8 14. g4 Bd3
15. Bxd3 cxd3 16. Rc1 Nfd7 17. Bg3 f5 18. g5 e5 19. f4 e4 20. Be1 Nd5 21. Kf2
N7b6 22. a4 a5 23. c4 Nxf4 24. Kf1 Nxh3 25. c5 Nd5 26. Nc4 Rxc5 27. dxc5 Bxa1
28. Bh4 f4 29. Kg2 fxe3 30. Kxh3 Rf3+ 31. Kh2 Nf4 32. Bg3 Rxg3 33. Kxg3 Ne2+
34. Kg2 Nxc1 35. Nxe3 Nb3 36. Kg3 Be5+ 37. Kg4 Nxc5 38. Nd2 Kf7 39. Ndc4 Bc7
40. Nd5 Bh2 41. Nde3 Nxa4 42. Nxa5 b5 43. Nb7 Bc7 44. Kh3 Ke6 45. Kg2 Kd7 46.
Nd5 d2 47. Ne3 Kc6 48. Kf2 0-1

[Event "25. Open Internacional de Parla 2010"]
[Site "Parla ESP"]
[Date "2010.09.12"]
[Round "9.31"]
[White "Gomez Gonzalez, Javier"]
[Black "Gomez Feria, Jose Maria"]
[Result "1-0"]
[WhiteElo "2016"]
[BlackElo "1895"]
[PlyCount "101"]
[EventDate "2010.09.04"]
[EventType "swiss"]
[EventRounds "9"]
[EventCountry "ESP"]
[Source "lmi"]
[SourceDate "2010.09.04"]

1. e4 c5 2. Nf3 e6 3. d4 cxd4 4. Nxd4 Nc6 5. Be3 Nf6 6. Nd2 Be7 7. Be2 O-O 8.
f4 d6 9. O-O Bd7 10. Kh1 h6 11. Qe1 e5 12. fxe5 Nxe5 13. Nf5 Bxf5 14. Rxf5 Kh7
15. Qg3 Rc8 16. c3 b6 17. Raf1 Rh8 18. Bd4 g6 19. R5f4 Rc6 20. Qf2 Rf8 21. Rxf6
Bxf6 22. Qxf6 Qxf6 23. Rxf6 Nd7 24. Rf1 Ne5 25. Bb5 Rc7 26. h3 f6 27. g4 Kg7
28. Kg2 Re7 29. Kg3 g5 30. Re1 Rc8 31. b3 Kg6 32. Nc4 Rd8 33. Ne3 Rc7 34. Nf5
Kh7 35. Rd1 Kg6 36. Bxe5 fxe5 37. Bc4 b5 38. Bxb5 Rxc3+ 39. Rd3 Rc2 40. a4 Re2
41. Rxd6+ Rxd6 42. Bxe2 Rd2 43. Bc4 Rd1 44. Ne7+ Kf6 45. Nc6 Rd7 46. Bd5 Rc7
47. b4 Rh7 48. b5 h5 49. gxh5 Rxh5 50. a5 Rh7 51. a6 1-0

[Event "25. Open Internacional de Parla 2010"]
[Site "Parla ESP"]
[Date "2010.09.12"]
[Round "9.32"]
[White "Vargas Huamani, Juan Carlos"]
[Black "Pablos Tenrero, Raquel"]
[Result "0-1"]
[WhiteElo "2013"]
[BlackElo "1884"]
[PlyCount "53"]
[EventDate "2010.09.04"]
[EventType "swiss"]
[EventRounds "9"]
[EventCountry "ESP"]
[Source "lmi"]
[SourceDate "2010.09.04"]

1. e4 e5 2. Nf3 Nc6 3. d4 exd4 4. Nxd4 Bb4+ 5. c3 Bc5 6. Be3 Bb6 7. Bc4 Nge7 8.
O-O O-O 9. Bb3 Nxd4 10. Bxd4 d6 11. Nd2 Nc6 12. Nc4 Bxd4 13. cxd4 Qe7 14. d5
Nd4 15. Rc1 c6 16. Ne3 Bd7 17. Ba4 Rfd8 18. Qd3 c5 19. Bxd7 Rxd7 20. b4 b6 21.
a4 Qd8 22. Rb1 Qc8 23. Rfc1 Rc7 24. f4 f6 25. h3 Qe8 26. Nc4 Rd7 27. bxc5 0-1

[Event "25. Open Internacional de Parla 2010"]
[Site "Parla ESP"]
[Date "2010.09.12"]
[Round "9.33"]
[White "Morona Minguez, Irene"]
[Black "Madurga Lopez, Ignacio"]
[Result "0-1"]
[WhiteElo "1815"]
[BlackElo "2010"]
[PlyCount "44"]
[EventDate "2010.09.04"]
[EventType "swiss"]
[EventRounds "9"]
[EventCountry "ESP"]
[Source "lmi"]
[SourceDate "2010.09.04"]

1. e4 c5 2. Nf3 d6 3. d4 cxd4 4. Nxd4 Nf6 5. Nc3 a6 6. f4 e5 7. Nf3 Nbd7 8. a4
Be7 9. Bd3 O-O 10. O-O Nc5 11. Kh1 d5 12. Nxe5 Ncxe4 13. Bxe4 dxe4 14. Qe2 Qc7
15. Nxe4 Bf5 16. Nc3 Bb4 17. Nd3 Rfe8 18. Qf2 Bxc3 19. bxc3 Ne4 20. Qd4 Rad8
21. Qb4 Qxc3 22. Ra2 Rxd3 0-1

[Event "25. Open Internacional de Parla 2010"]
[Site "Parla ESP"]
[Date "2010.09.12"]
[Round "9.34"]
[White "Sanchez Garcia, Manuel"]
[Black "Alvarez Gonzalez, Eduardo"]
[Result "0-1"]
[WhiteElo "2002"]
[BlackElo "1873"]
[PlyCount "112"]
[EventDate "2010.09.04"]
[EventType "swiss"]
[EventRounds "9"]
[EventCountry "ESP"]
[Source "lmi"]
[SourceDate "2010.09.04"]

1. c4 Nf6 2. Nc3 e5 3. Nf3 Nc6 4. e3 d5 5. cxd5 Nxd5 6. Bc4 Nxc3 7. bxc3 Bd6 8.
d4 O-O 9. e4 Bg4 10. d5 Na5 11. Be2 b6 12. Nd2 Bd7 13. O-O Qe7 14. Nb3 Nb7 15.
Be3 f5 16. exf5 Bxf5 17. Re1 Nc5 18. Nxc5 Bxc5 19. Qd2 Rae8 20. Bb5 Bxe3 21.
Qxe3 Bd7 22. Bd3 Bf5 23. Bxf5 Rxf5 24. Qd3 e4 25. Qb5 Qf7 26. Re2 Rxd5 27. Qa4
Ra5 28. Qc2 Qc4 29. Rae1 Rae5 30. Re3 Qd5 31. c4 Qd4 32. Rd1 Qc5 33. Qe2 a6 34.
h3 b5 35. cxb5 axb5 36. Re1 Qb6 37. Kh1 Qc6 38. Qg4 Qe6 39. Qg3 Qe7 40. f3 c5
41. Rxe4 Rxe4 42. Rxe4 Qd7 43. Rh4 c4 44. Qf2 Qe7 45. Re4 Qd7 46. Rh4 Qd6 47.
Rd4 Qc7 48. Kg1 b4 49. Rh4 b3 50. axb3 cxb3 51. Rd4 Rb8 52. Qb2 Qc5 53. Kf1
Qxd4 54. Qxd4 b2 55. Qd5+ Kh8 56. Kf2 b1=Q 0-1

[Event "25. Open Internacional de Parla 2010"]
[Site "Parla ESP"]
[Date "2010.09.12"]
[Round "9.35"]
[White "Sanchez Rodriguez, Jaime"]
[Black "Corisco Beltran, Rafael"]
[Result "0-1"]
[WhiteElo "1958"]
[BlackElo "1808"]
[PlyCount "106"]
[EventDate "2010.09.04"]
[EventType "swiss"]
[EventRounds "9"]
[EventCountry "ESP"]
[Source "lmi"]
[SourceDate "2010.09.04"]

1. d4 Nf6 2. Bg5 e6 3. e4 h6 4. Bxf6 Qxf6 5. c3 b6 6. Nf3 Bb7 7. Nbd2 Nc6 8.
Bd3 g5 9. e5 Qe7 10. Ne4 Bg7 11. Nfd2 O-O-O 12. Qe2 f6 13. exf6 Bxf6 14. O-O-O
h5 15. Nxf6 Qxf6 16. Rde1 Kb8 17. Qe3 Rdf8 18. Rhf1 Ne7 19. Ne4 Qf4 20. g3
Qxe3+ 21. fxe3 g4 22. Nf6 Kc8 23. e4 Ng6 24. e5 Ne7 25. Kd2 Bf3 26. Ba6+ Kd8
27. Be2 Bxe2 28. Kxe2 Nf5 29. Rd1 d5 30. b4 h4 31. Rd3 hxg3 32. hxg3 Rh3 33.
Rg1 Rh2+ 34. Ke1 Rxa2 35. Nxg4 Ra1+ 36. Rd1 Rxd1+ 37. Kxd1 Rg8 38. Nf6 Rxg3 39.
Rxg3 Nxg3 40. b5 Nf5 41. Kc2 c6 42. bxc6 Kc7 43. Kb3 Kxc6 44. Kb4 a5+ 45. Ka4
Ng3 46. Kb3 b5 47. Ne8 Ne4 48. Ng7 Kd7 49. Nh5 Ke7 50. Nf4 Kf7 51. Nd3 Kg6 52.
Nc5 Nxc5+ 53. dxc5 Kf7 0-1

[Event "25. Open Internacional de Parla 2010"]
[Site "Parla ESP"]
[Date "2010.09.12"]
[Round "9.36"]
[White "Rodriguez Dorado, Victor Manuel"]
[Black "De la Orden Alcocer, Alejandro"]
[Result "1-0"]
[WhiteElo "1923"]
[BlackElo "1798"]
[PlyCount "85"]
[EventDate "2010.09.04"]
[EventType "swiss"]
[EventRounds "9"]
[EventCountry "ESP"]
[Source "lmi"]
[SourceDate "2010.09.04"]

1. c4 Nf6 2. Nc3 e5 3. g3 g6 4. Bg2 Bg7 5. Nf3 Nc6 6. Rb1 d5 7. cxd5 Nxd5 8.
O-O Be6 9. Qa4 O-O 10. d3 Nd4 11. Nxd4 exd4 12. Ne4 Qc8 13. Ng5 c6 14. Bd2 Nb6
15. Qa5 Bd5 16. Ne4 Qe6 17. Rbe1 Bxe4 18. Bxe4 Rfd8 19. Qa3 Bf8 20. b4 Nd5 21.
Bxd5 Rxd5 22. Qb2 Qh3 23. f4 h5 24. Rf2 h4 25. gxh4 Qxh4 26. Rg2 Bd6 27. Rf1
Kf8 28. a3 Ke8 29. Rff2 Be7 30. a4 a6 31. f5 g5 32. f6 Bd6 33. Qc1 g4 34. Qf1
Rh5 35. Bf4 Bxb4 36. Bg3 Qg5 37. Rf4 Bd2 38. Re4+ Kf8 39. Bd6+ Kg8 40. Rexg4
Kh8 41. Rxg5 Bxg5 42. Qf3 Be3+ 43. Kh1 1-0

[Event "25. Open Internacional de Parla 2010"]
[Site "Parla ESP"]
[Date "2010.09.12"]
[Round "9.37"]
[White "Garcia Salamero, Hector"]
[Black "Perez Cameselle, Francisco"]
[Result "0-1"]
[WhiteElo "1776"]
[BlackElo "1917"]
[PlyCount "73"]
[EventDate "2010.09.04"]
[EventType "swiss"]
[EventRounds "9"]
[EventCountry "ESP"]
[Source "lmi"]
[SourceDate "2010.09.04"]

1. e4 g6 2. d4 d6 3. Nf3 Nf6 4. Bd3 Bg7 5. O-O Nc6 6. c3 O-O 7. h3 e5 8. Be3
Qe7 9. Nbd2 Nh5 10. dxe5 Nxe5 11. Nxe5 dxe5 12. Nb3 b6 13. Be2 Rd8 14. Qc1 Bb7
15. Bxh5 gxh5 16. Qc2 Rd6 17. Rad1 Rg6 18. f3 Bh6 19. Bxh6 Rxh6 20. Nc1 Rg6 21.
Kh1 Kh8 22. Nd3 Rag8 23. Ne1 Bc8 24. Rf2 Qh4 25. Nd3 Bxh3 26. Kg1 Rxg2+ 27.
Rxg2 Rxg2+ 28. Qxg2 Bxg2 29. Kxg2 Qg5+ 30. Kf2 h4 31. Nb4 Qg3+ 32. Ke2 h3 33.
Rd8+ Kg7 34. Nd5 Qg2+ 35. Kd3 Qxf3+ 36. Kd2 h2 37. Ne7 0-1

[Event "25. Open Internacional de Parla 2010"]
[Site "Parla ESP"]
[Date "2010.09.12"]
[Round "9.38"]
[White "Tarin Casado, Francisco"]
[Black "Sousa Barreiro, Bieito"]
[Result "1-0"]
[WhiteElo "1915"]
[BlackElo "1676"]
[PlyCount "81"]
[EventDate "2010.09.04"]
[EventType "swiss"]
[EventRounds "9"]
[EventCountry "ESP"]
[Source "lmi"]
[SourceDate "2010.09.04"]

1. b3 e5 2. Bb2 Nc6 3. e3 Be7 4. Nf3 Bf6 5. d4 exd4 6. Nxd4 Nxd4 7. Bxd4 a5 8.
a4 d6 9. Be2 Bf5 10. Na3 Bxd4 11. Qxd4 Qf6 12. O-O-O Qxd4 13. Rxd4 Nf6 14. Bf3
O-O-O 15. Rhd1 Be6 16. Nc4 Bxc4 17. Rxc4 Nd7 18. Rxd6 Ne5 19. Rxd8+ Rxd8 20.
Rc5 Nxf3 21. gxf3 b6 22. Rh5 Rh8 23. Kd2 Kd7 24. f4 Ke6 25. Re5+ Kd6 26. e4 c6
27. Rg5 Rg8 28. f5 Ke5 29. Ke3 h6 30. f4+ Kd6 31. Rg2 c5 32. e5+ Kd7 33. Rd2+
Kc7 34. Rd6 Re8 35. f6 g5 36. Rd3 g4 37. Ke4 h5 38. f5 Kc6 39. c4 Kc7 40. Kf4
Kc6 41. Rd5 1-0

[Event "25. Open Internacional de Parla 2010"]
[Site "Parla ESP"]
[Date "2010.09.12"]
[Round "9.40"]
[White "Prieto Velasco, Rafael"]
[Black "Laynez Aspenberg, Jose"]
[Result "0-1"]
[WhiteElo "1758"]
[BlackElo "1912"]
[PlyCount "136"]
[EventDate "2010.09.04"]
[EventType "swiss"]
[EventRounds "9"]
[EventCountry "ESP"]
[Source "lmi"]
[SourceDate "2010.09.04"]

1. d4 Nf6 2. c4 c5 3. d5 b5 4. f3 bxc4 5. e4 d6 6. Bxc4 g6 7. Ne2 Bg7 8. a4 O-O
9. O-O Nbd7 10. Na3 Ne5 11. Bb5 a6 12. Bc4 Rb8 13. Nc3 Nfd7 14. Be2 Nb6 15. a5
Na8 16. f4 Nd7 17. Nc4 Nc7 18. Na4 Bd4+ 19. Kh1 f5 20. Bf3 fxe4 21. Bxe4 Nf6
22. Qd3 Ncxd5 23. Nab6 Nb4 24. Qb3 d5 25. Nxc8 Rxc8 26. Nd2 Rb8 27. Bf3 c4 28.
Nxc4 dxc4 29. Qxc4+ Kh8 30. Rd1 Qc8 31. Rxd4 Nc2 32. Qxc8 Rfxc8 33. Rda4 Nxa1
34. Rxa1 Rb5 35. g4 Rcc5 36. g5 Ne8 37. Bd2 Rxb2 38. Be3 Rc4 39. Bd5 Rcb4 40.
Bc5 Rb1+ 41. Rxb1 Rxb1+ 42. Kg2 Rb5 43. Bd4+ Ng7 44. Be6 Rxa5 45. Kg3 Ra4 46.
Be5 Re4 47. Bd5 Re3+ 48. Kg4 e6 49. Bc4 a5 50. Bb5 Kg8 51. Bd4 Re4 52. Be5 Kf7
53. Kf3 Rb4 54. Bd3 Nf5 55. Ke2 a4 56. Kd2 a3 57. Kc3 Rb7 58. Be4 Ra7 59. Kb3
a2 60. Ba1 Ne3 61. Kb2 Nc4+ 62. Kc3 Ne3 63. Kb3 Nf1 64. Bg2 Nxh2 65. Bc6 Nf1
66. Bb5 Nd2+ 67. Kc2 Ne4 68. Bf1 Rb7 0-1

[Event "25. Open Internacional de Parla 2010"]
[Site "Parla ESP"]
[Date "2010.09.12"]
[Round "9.41"]
[White "Fernandez Gil, Ruben C"]
[Black "Lopez Garralon, Miguel"]
[Result "0-1"]
[WhiteElo "1719"]
[BlackElo "1788"]
[PlyCount "60"]
[EventDate "2010.09.04"]
[EventType "swiss"]
[EventRounds "9"]
[EventCountry "ESP"]
[Source "lmi"]
[SourceDate "2010.09.04"]

1. c4 d6 2. Nc3 Nf6 3. g3 Nbd7 4. Bg2 e5 5. d3 c6 6. e4 Be7 7. Nge2 h6 8. O-O
Qc7 9. a3 g5 10. b4 Nf8 11. d4 Ng6 12. d5 Bd7 13. Qb3 O-O 14. h3 Kg7 15. Be3
Qc8 16. Kh2 Nh5 17. g4 Nhf4 18. Bxf4 gxf4 19. f3 Rh8 20. Kg1 h5 21. Qc2 hxg4
22. fxg4 Bxg4 23. hxg4 Qxg4 24. Nc1 Qg3 25. Rf3 Qe1+ 26. Bf1 Rh5 27. Nb3 Rg5+
28. Kh2 Rh8+ 29. Bh3 Rg3 30. Rxe1 Rhxh3# 0-1

[Event "25. Open Internacional de Parla 2010"]
[Site "Parla ESP"]
[Date "2010.09.12"]
[Round "9.42"]
[White "Martin Espeja, Jorge Juan"]
[Black "Zhynguel Zhynguel, Alex"]
[Result "1-0"]
[WhiteElo "1884"]
[BlackElo "1680"]
[PlyCount "65"]
[EventDate "2010.09.04"]
[EventType "swiss"]
[EventRounds "9"]
[EventCountry "ESP"]
[Source "lmi"]
[SourceDate "2010.09.04"]

1. e4 b6 2. d4 e6 3. c4 Bb7 4. Nc3 Bb4 5. Bd3 Bxc3+ 6. bxc3 Nf6 7. Qf3 h6 8.
Qg3 Nh5 9. Qg4 g6 10. e5 Rg8 11. Bxh6 f5 12. exf6 Nxf6 13. Qg3 d6 14. Nf3 Kd7
15. Bg5 Qf8 16. d5 exd5 17. Qh3+ Kd8 18. O-O Nbd7 19. Nd4 Kc8 20. Qe6 Kb8 21.
Bxf6 Nxf6 22. Rfe1 a6 23. Qe7 Qg7 24. Re6 Qxe7 25. Rxe7 Bc8 26. f3 dxc4 27.
Bxc4 Re8 28. Rae1 Rxe7 29. Rxe7 Kb7 30. Rf7 Nh5 31. Bd5+ Kb8 32. Nc6+ Kb7 33.
Ne7+ 1-0

[Event "25. Open Internacional de Parla 2010"]
[Site "Parla ESP"]
[Date "2010.09.12"]
[Round "9.44"]
[White "Callejo Hernanz, Jesus Maria"]
[Black "Garcia Hernandez, Javier"]
[Result "0-1"]
[WhiteElo "1815"]
[BlackElo "1654"]
[PlyCount "124"]
[EventDate "2010.09.04"]
[EventType "swiss"]
[EventRounds "9"]
[EventCountry "ESP"]
[Source "lmi"]
[SourceDate "2010.09.04"]

1. d4 e6 2. c4 Nf6 3. Nf3 b6 4. g3 Bb7 5. Bg2 Be7 6. O-O O-O 7. Nc3 d6 8. Qc2
Nbd7 9. Rd1 d5 10. b3 c5 11. e3 Qc7 12. Ba3 Rfe8 13. Rac1 dxc4 14. bxc4 cxd4
15. Nb5 Qb8 16. Bxe7 Rxe7 17. exd4 a6 18. Nc3 Qc7 19. Qe2 Rc8 20. Nd5 Nxd5 21.
cxd5 Qd6 22. Rxc8+ Bxc8 23. Qc2 Bb7 24. dxe6 fxe6 25. Ng5 Nf6 26. Bxb7 Rc7 27.
Qb3 Rxb7 28. Qxe6+ Qxe6 29. Nxe6 Re7 30. Nf4 Rd7 31. f3 Nd5 32. Nxd5 Rxd5 33.
Kf2 Kf7 34. Ke3 Ke6 35. Kd3 Ra5 36. Re1+ Kf5 37. Rb1 b5 38. Rb2 Ra3+ 39. Ke2
Ke6 40. Rd2 Kd5 41. f4 Ra4 42. g4 Rxd4 43. Rxd4+ Kxd4 44. Kd2 g6 45. f5 gxf5
46. gxf5 Ke5 47. f6 Kxf6 48. Kc3 Ke5 49. Kb4 Kd4 50. Ka5 h5 51. Kxa6 Kc4 52.
Ka5 h4 53. a3 h3 54. Kb6 b4 55. axb4 Kxb4 56. Kc6 Kc4 57. Kd6 Kd4 58. Ke6 Ke4
59. Kf6 Kf3 60. Kf5 Kg2 61. Kf4 Kxh2 62. Kf3 Kg1 0-1